000
00267nam a22001217a 4500
082
_a
891.439 YAS'A
100
_a
YASIR, KHALID IQBAL
_9
14456
245
_a
AHWAL-O-ASAR
250
_a
AHWAL-O-ASAR
260
_a
ISLAMABA
_b
IBLAGH
_c
1993
300
_a
134P
942
_c
BK
999
_c
574813
_d
574813